[Event "Oscaro Open 2013"]
[Site "Bastia FRA"]
[Date "2013.10.19"]
[Round "1.1"]
[White "Naiditsch, Arkadij"]
[Black "Brunel, Axel"]
[Result "1-0"]
[WhiteTitle "GM"]
[WhiteElo "2724"]
[BlackElo "1611"]
[WhiteFideId "4650891"]
[BlackFideId "26025019"]
[EventDate "2013.10.19"]

1. e4 c5 2. Nf3 d6 3. Nc3 Nc6 4. Bb5 Bd7 5. O-O Nf6 6. Re1 a6 7. Bxc6 Bxc6 8. d4
cxd4 9. Nxd4 e6 10. Nxc6 bxc6 11. Qf3 e5 12. Qg3 h6 13. Be3 Rb8 14. b3 Qa5 15.
Bd2 Qc7 16. Rad1 Rd8 17. Na4 Nh5 18. Qd3 Ra8 19. Nb2 Nf4 20. Bxf4 exf4 21. e5
dxe5 22. Rxe5+ Be7 23. Rde1 Rd8 24. Rxe7+ Qxe7 25. Rxe7+ 1-0

[Event "Oscaro Open 2013"]
[Site "Bastia FRA"]
[Date "2013.10.19"]
[Round "1.3"]
[White "Istratescu, Andrei"]
[Black "Lardies-Ceccaldi, Amalia"]
[Result "1-0"]
[WhiteTitle "GM"]
[WhiteElo "2664"]
[BlackElo "1590"]
[WhiteFideId "1200372"]
[BlackFideId "26039710"]
[EventDate "2013.10.19"]

1. e4 e5 2. Bc4 Bc5 3. Nc3 Nc6 4. d3 h6 5. Qg4 Qf6 6. Qg3 Bb4 7. Ne2 d6 8. O-O
Nge7 9. f4 Qg6 10. Qxg6 Nxg6 11. Nd5 Ba5 12. f5 Nge7 13. f6 Nxd5 14. fxg7 Rg8
15. Bxd5 Be6 16. Bxe6 fxe6 17. Bxh6 O-O-O 18. Rf8 Ne7 19. Raf1 Bb6+ 20. Kh1 Ng6
21. Rxg8 Rxg8 22. Rf8+ Nxf8 23. gxf8=Q+ Rxf8 24. Bxf8 Be3 25. h4 Kd7 26. Kh2 Ke8
27. Bg7 Kf7 28. Bh8 Bh6 29. g4 Kg8 30. Bf6 Kf7 31. g5 Bf8 32. h5 d5 33. Bxe5 c6
34. Nf4 Bc5 35. g6+ Kg8 36. h6 1-0

[Event "Oscaro Open 2013"]
[Site "Bastia FRA"]
[Date "2013.10.19"]
[Round "1.5"]
[White "Fedorchuk, Sergey A."]
[Black "Laban Giuliani, Lisandru"]
[Result "1-0"]
[WhiteTitle "GM"]
[WhiteElo "2656"]
[BlackElo "1577"]
[WhiteFideId "14102536"]
[BlackFideId "26081210"]
[EventDate "2013.10.19"]

1. e4 e5 2. Nf3 Nc6 3. Bb5 a6 4. Ba4 Nf6 5. d3 Be7 6. Bxc6 dxc6 7. Nxe5 O-O 8.
Nf3 Bg4 9. h3 Bh5 10. Be3 Qd7 11. Nbd2 Rad8 12. Qe2 Rfe8 13. O-O-O Bb4 14. Kb1
h6 15. g4 Bg6 16. Nh4 Re5 17. Nc4 Re6 18. f4 Bh7 19. f5 Re7 20. g5 hxg5 21. Bxg5
Bxf5 22. Bxf6 gxf6 23. Rhg1+ Kf8 24. Qh5 1-0

[Event "Oscaro Open 2013"]
[Site "Bastia FRA"]
[Date "2013.10.19"]
[Round "1.6"]
[White "Kucheryavy, Vadym"]
[Black "Balogh, Csaba"]
[Result "0-1"]
[BlackTitle "GM"]
[WhiteElo "1575"]
[BlackElo "2632"]
[WhiteFideId "14129531"]
[BlackFideId "718939"]
[EventDate "2013.10.19"]

1. e4 c5 2. Nc3 a6 3. g3 b5 4. Bg2 Bb7 5. d3 e6 6. Nge2 d6 7. O-O Nf6 8. h3 Nc6
9. Be3 Be7 10. d4 cxd4 11. Nxd4 Ne5 12. f4 Nc4 13. Bc1 b4 14. Nce2 Bxe4 15. b3
Na5 16. Bb2 O-O 17. Bxe4 Nxe4 18. Qd3 d5 19. f5 e5 20. Nf3 f6 21. Rad1 Qb6+ 22.
Kg2 Rfd8 23. g4 Rac8 24. Nd2 Nc5 25. Qg3 0-1

[Event "Oscaro Open 2013"]
[Site "Bastia FRA"]
[Date "2013.10.19"]
[Round "1.7"]
[White "Postny, Evgeny"]
[Black "Biancarelli, Jean-Luc"]
[Result "1-0"]
[WhiteTitle "GM"]
[WhiteElo "2631"]
[BlackElo "1563"]
[WhiteFideId "2804344"]
[BlackFideId "20646640"]
[EventDate "2013.10.19"]

1. d4 Nf6 2. c4 c5 3. d5 e6 4. Nc3 exd5 5. cxd5 d6 6. Nf3 g6 7. Bf4 Bg7 8. Qa4+
Kf8 9. e3 Bg4 10. Nd2 Nh5 11. h3 Nxf4 12. Qxf4 Bf5 13. Nc4 Na6 14. Qxd6+ Qxd6
15. Nxd6 Nb4 16. O-O-O Bd7 17. a3 Na6 18. Nxb7 Nc7 19. Nxc5 Ke7 20. d6+ 1-0

[Event "Oscaro Open 2013"]
[Site "Bastia FRA"]
[Date "2013.10.19"]
[Round "1.8"]
[White "Pfarr, Zoi"]
[Black "Saric, Ivan"]
[Result "0-1"]
[BlackTitle "GM"]
[WhiteElo "1561"]
[BlackElo "2628"]
[WhiteFideId "20666683"]
[BlackFideId "14508150"]
[EventDate "2013.10.19"]

1. Nf3 Nf6 2. d4 g6 3. e3 Bg7 4. Bd3 O-O 5. O-O d6 6. b3 e5 7. dxe5 Nfd7 8. Bb2
Nc6 9. Nbd2 Ndxe5 10. Nxe5 Nxe5 11. Nc4 Nxc4 12. Bxg7 Nxe3 13. fxe3 Kxg7 14. Qd2
Qe7 15. Rf2 Qe5 16. Raf1 Bd7 17. Bc4 f5 18. Bd3 Rae8 19. Rf3 Bc6 20. Rg3 Re7 21.
a4 a5 22. Kh1 Ref7 23. Bc4 d5 24. Bd3 f4 25. exf4 Rxf4 26. Rgf3 Rxf3 27. Rxf3
Qa1+ 28. Rf1 Rxf1+ 29. Bxf1 Qxf1# 0-1

[Event "Oscaro Open 2013"]
[Site "Bastia FRA"]
[Date "2013.10.19"]
[Round "1.9"]
[White "Fridman, Daniel"]
[Black "Morel, Anthony"]
[Result "1-0"]
[WhiteTitle "GM"]
[WhiteElo "2602"]
[BlackElo "1549"]
[WhiteFideId "11600454"]
[BlackFideId "26075601"]
[EventDate "2013.10.19"]

1. Nf3 Nf6 2. c4 Nc6 3. d4 e6 4. a3 d6 5. Nc3 Be7 6. e4 a6 7. Bd3 O-O 8. O-O d5
9. cxd5 exd5 10. e5 Ne8 11. h3 Be6 12. Qc2 g6 13. Bh6 Ng7 14. Ne2 f5 15. Nf4 Qd7
16. Rfe1 Rf7 17. h4 Kh8 18. Qc3 Rg8 19. g3 Nh5 20. Nxh5 gxh5 21. Bf4 Rfg7 22.
Kf1 Nd8 23. Rac1 c6 24. Be2 Rg6 25. Nh2 Bxh4 26. Bxh5 1-0

[Event "Oscaro Open 2013"]
[Site "Bastia FRA"]
[Date "2013.10.19"]
[Round "2.1"]
[White "Geronimi, Pierre-Francois"]
[Black "Naiditsch, Arkadij"]
[Result "0-1"]
[BlackTitle "GM"]
[WhiteElo "2019"]
[BlackElo "2724"]
[WhiteFideId "655686"]
[BlackFideId "4650891"]
[EventDate "2013.10.19"]

1. e4 c5 2. Nf3 Nc6 3. d4 cxd4 4. Nxd4 Qb6 5. Nxc6 bxc6 6. Bd3 g6 7. Nd2 Bg7 8.
O-O Qc7 9. Qe2 Rb8 10. Rb1 Nf6 11. Kh1 O-O 12. f4 d5 13. c4 Bg4 14. Qf2 dxe4 15.
Nxe4 Rfd8 16. Bc2 Nxe4 17. Bxe4 Rd4 18. Bc2 Rxc4 19. Bb3 Re4 20. Be3 a5 21. Bc2
Reb4 22. b3 Bf5 23. Bxf5 gxf5 24. Bc5 Re4 25. Rbe1 Qd7 26. Qh4 Re8 27. Qg3 Kh8
28. Qf3 Qd5 29. Qf2 Bf6 30. Rd1 Qe6 31. Qf3 Rg8 32. Bf2 Re2 33. a4 Qe4 34. Qxe4
fxe4 35. Rde1 Rxe1 36. Rxe1 Rb8 37. Rb1 Bc3 38. Bc5 Bb4 39. Bd4+ Kg8 40. Kg1 Rd8
41. Be3 Rd3 42. Kf2 Rc3 43. Rb2 c5 44. Ke2 f5 45. Kf2 Kf7 46. Ke2 Ke6 47. h3 h5
48. Kf2 Rd3 49. Ke2 Kd5 50. Rb1 Kc6 51. Rb2 Bc3 52. Rc2 Kd5 53. Rc1 Bd4 54. Bd2
Rxb3 55. Bxa5 Rb2+ 56. Kf1 Rf2+ 57. Ke1 Rxg2 0-1

[Event "Oscaro Open 2013"]
[Site "Bastia FRA"]
[Date "2013.10.19"]
[Round "2.2"]
[White "Almasi, Zoltan"]
[Black "Battesti, Saveriu"]
[Result "1-0"]
[WhiteTitle "GM"]
[WhiteElo "2707"]
[BlackElo "2044"]
[WhiteFideId "702293"]
[BlackFideId "643513"]
[EventDate "2013.10.19"]

1. e4 e5 2. Nf3 Nc6 3. Bb5 a6 4. Ba4 Nf6 5. O-O Be7 6. d3 b5 7. Bb3 d6 8. a4 b4
9. a5 O-O 10. Nbd2 Rb8 11. Nc4 Bg4 12. Be3 Nh5 13. h3 Be6 14. Nfxe5 Nxe5 15.
Qxh5 Nxc4 16. Bxc4 Bxc4 17. dxc4 Bf6 18. Rab1 Re8 19. Qg4 h5 20. Qxh5 Rxe4 21.
c5 Re5 22. Qe2 dxc5 23. Qxa6 Ra8 24. Qb5 Rd5 25. Rfe1 Qd6 26. g3 Be5 27. Kg2 c6
28. Qb7 Rxa5 29. Bf4 Bxf4 30. Re8+ Kh7 31. Qxf7 Rg5 32. Qg8+ Kh6 33. Re6+ Rg6
34. Qh8+ Kg5 35. Qh4+ Kf5 36. Rxd6 Bxd6 37. Re1 1-0

[Event "Oscaro Open 2013"]
[Site "Bastia FRA"]
[Date "2013.10.19"]
[Round "2.3"]
[White "Utrera, Ludovic"]
[Black "Istratescu, Andrei"]
[Result "0-1"]
[BlackTitle "GM"]
[WhiteElo "2002"]
[BlackElo "2664"]
[WhiteFideId "20604580"]
[BlackFideId "1200372"]
[EventDate "2013.10.19"]

1. e4 e6 2. Nf3 d5 3. Nc3 Nf6 4. e5 Nfd7 5. d4 c5 6. Bf4 Qb6 7. Rb1 Nc6 8. dxc5
Bxc5 9. Bg3 Ndxe5 10. Nxe5 Nxe5 11. Na4 Qa5+ 12. c3 Bd6 13. b4 Qc7 14. Qd4 O-O
15. Be2 b6 16. O-O Bb7 17. f4 Nc4 18. Bd3 Rac8 19. Rf3 Rfe8 20. Re1 Qd7 21. Bh4
e5 22. fxe5 Bxe5 23. Bxh7+ Kxh7 24. Qd3+ Kg8 25. Ref1 f6 26. Rh3 d4 27. Qg6 Qf7 0-1

[Event "Oscaro Open 2013"]
[Site "Bastia FRA"]
[Date "2013.10.19"]
[Round "2.4"]
[White "Edouard, Romain"]
[Black "Battesti, Marc-Andria"]
[Result "1-0"]
[WhiteTitle "GM"]
[WhiteElo "2657"]
[BlackElo "2009"]
[WhiteFideId "633429"]
[BlackFideId "649520"]
[EventDate "2013.10.19"]

1. d4 Nf6 2. c4 e6 3. Nc3 Bb4 4. e3 b6 5. Bd3 Bb7 6. Nf3 Ne4 7. O-O Bxc3 8. bxc3
O-O 9. Ba3 d6 10. Qc2 f5 11. d5 exd5 12. Nd4 Qf6 13. cxd5 Bxd5 14. f3 Nc5 15.
Bxf5 g6 16. c4 Nc6 17. Nxc6 Bxc6 18. Bh3 Rae8 19. Bb2 Qg5 20. e4 Qe3+ 21. Kh1
Nd3 22. Qc3 Re5 23. Be6+ Kg7 24. Qd4 Qe2 25. Bc3 Kh6 26. Rae1 Nxe1 27. Rxe1 Qxa2
28. Qe3+ g5 29. h4 1-0

[Event "Oscaro Open 2013"]
[Site "Bastia FRA"]
[Date "2013.10.19"]
[Round "2.5"]
[White "Le Diouron, Aurelie"]
[Black "Fedorchuk, Sergey A."]
[Result "0-1"]
[BlackTitle "GM"]
[WhiteElo "1965"]
[BlackElo "2656"]
[WhiteFideId "637432"]
[BlackFideId "14102536"]
[EventDate "2013.10.19"]

1. d4 Nf6 2. f3 d5 3. e4 dxe4 4. Nc3 exf3 5. Nxf3 Bf5 6. Ne5 e6 7. g4 Bg6 8. Qf3
c6 9. Be3 Bb4 10. Bd3 Nbd7 11. Bxg6 hxg6 12. O-O Qe7 13. Ne4 Nxe5 14. dxe5 Nxe4
15. Qxe4 Bc5 16. Rf2 Rd8 17. Raf1 O-O 18. Kh1 Bxe3 19. Qxe3 b5 20. Qg3 Rd5 21.
h4 Qb4 22. Rf4 Qxb2 23. Qf3 Qxc2 24. Rxf7 Rxf7 25. Qxf7+ Kh7 26. Qf4 Qd3 27. h5
g5 0-1

[Event "Oscaro Open 2013"]
[Site "Bastia FRA"]
[Date "2013.10.19"]
[Round "2.6"]
[White "Balogh, Csaba"]
[Black "Pesotsky, Alexandr"]
[Result "1-0"]
[WhiteTitle "GM"]
[WhiteElo "2632"]
[BlackElo "1977"]
[WhiteFideId "718939"]
[BlackFideId "14128080"]
[EventDate "2013.10.19"]

1. e4 Nf6 2. e5 Nd5 3. d4 Nb6 4. a4 d5 5. a5 N6d7 6. b4 b6 7. axb6 Nxb6 8. Bd3
c6 9. c3 Qc7 10. Nd2 g6 11. h4 h5 12. Qc2 Be6 13. Ne2 Bh6 14. Nb3 Bxc1 15. Rxc1
N8d7 16. Nf4 Bf5 17. Bxf5 gxf5 18. Qxf5 e6 19. Qg5 Nf8 20. Nxh5 Qe7 21. Nf6+ Kd8
22. Nc5 Kc7 23. h5 Nfd7 24. Ncxd7 Rag8 25. Qh4 Rxg2 26. Nxb6 Qf8 27. Nbd7 Qh6
28. Ra1 Kb7 29. Nc5+ Kb6 30. Nfd7+ Kb5 31. Qh3 1-0

[Event "Oscaro Open 2013"]
[Site "Bastia FRA"]
[Date "2013.10.19"]
[Round "2.7"]
[White "Autran, Yann"]
[Black "Postny, Evgeny"]
[Result "0-1"]
[BlackTitle "GM"]
[WhiteElo "1941"]
[BlackElo "2631"]
[WhiteFideId "640344"]
[BlackFideId "2804344"]
[EventDate "2013.10.19"]

1. c4 e5 2. Nc3 Nf6 3. g3 c6 4. Bg2 d5 5. d4 e4 6. Bg5 Be7 7. e3 Na6 8. a3 Nc7
9. Bxf6 Bxf6 10. h4 O-O 11. Nh3 b5 12. cxd5 cxd5 13. Nf4 Qd6 14. O-O a5 15. Nce2
Bg4 16. Qd2 h6 17. Rac1 g5 18. hxg5 hxg5 19. Nh3 Kg7 20. Qc3 Ne6 21. Rfe1 Rh8 0-1

[Event "Oscaro Open 2013"]
[Site "Bastia FRA"]
[Date "2013.10.19"]
[Round "2.8"]
[White "Saric, Ivan"]
[Black "Gouvart, Stephane"]
[Result "1-0"]
[WhiteTitle "GM"]
[WhiteElo "2628"]
[BlackElo "1950"]
[WhiteFideId "14508150"]
[BlackFideId "636550"]
[EventDate "2013.10.19"]

1. e4 e5 2. Nf3 Nc6 3. Bb5 a6 4. Ba4 Nf6 5. O-O Be7 6. Re1 b5 7. Bb3 O-O 8. h3
d6 9. c3 Na5 10. Bc2 c5 11. d3 Ra7 12. Nbd2 Qc7 13. Nf1 Ne8 14. a4 f5 15. Ne3 f4
16. Nd5 Qd8 17. axb5 axb5 18. d4 cxd4 19. cxd4 Bf6 20. dxe5 Bxe5 21. Bd2 Nc6 22.
Rxa7 Nxa7 23. Nxe5 dxe5 24. Bb4 Rf7 25. Ne7+ 1-0

[Event "Oscaro Open 2013"]
[Site "Bastia FRA"]
[Date "2013.10.19"]
[Round "2.9"]
[White "Stubbe, Damien"]
[Black "Fridman, Daniel"]
[Result "0-1"]
[BlackTitle "GM"]
[WhiteElo "1924"]
[BlackElo "2602"]
[WhiteFideId "640190"]
[BlackFideId "11600454"]
[EventDate "2013.10.19"]

1. d4 d5 2. Nf3 c6 3. b3 Bg4 4. Ne5 Bh5 5. Nd2 Nf6 6. Bb2 e6 7. g3 c5 8. Bg2
cxd4 9. Bxd4 Nc6 10. Nxc6 bxc6 11. O-O Bd6 12. c4 O-O 13. Nf3 c5 14. Bxf6 Qxf6
15. cxd5 Rad8 16. e4 Be5 17. Rc1 exd5 18. exd5 Bd4 19. Qd3 Rxd5 20. Nxd4 Rxd4
21. Qc3 Rc8 22. b4 c4 23. b5 Be2 24. Rfe1 Bd3 25. Re3 h5 26. Rxd3 Rxd3 0-1

[Event "Oscaro Open 2013"]
[Site "Bastia FRA"]
[Date "2013.10.19"]
[Round "3.1"]
[White "Naiditsch, Arkadij"]
[Black "Demuth, Adrien"]
[Result "1-0"]
[WhiteTitle "GM"]
[BlackTitle "IM"]
[WhiteElo "2724"]
[BlackElo "2480"]
[WhiteFideId "4650891"]
[BlackFideId "642274"]
[EventDate "2013.10.19"]

1. e4 e5 2. Nf3 Nc6 3. Bb5 a6 4. Bxc6 dxc6 5. O-O Be6 6. Nc3 f6 7. d4 exd4 8.
Nxd4 Bc4 9. Re1 c5 10. Nf5 Qxd1 11. Rxd1 g6 12. Ne3 Bf7 13. Ned5 Bd6 14. Be3
O-O-O 15. Rd2 b6 16. Rad1 Kb7 17. Nxc7 Bxh2+ 18. Kxh2 Rxd2 19. Rxd2 Kxc7 20.
Bf4+ Kc8 21. Na4 g5 22. Nxb6+ Kb7 23. Na4 Be8 24. Nxc5+ Kc6 25. Be3 1-0

[Event "Oscaro Open 2013"]
[Site "Bastia FRA"]
[Date "2013.10.19"]
[Round "3.2"]
[White "Zatonskih, Anna"]
[Black "Almasi, Zoltan"]
[Result "0-1"]
[WhiteTitle "IM"]
[BlackTitle "GM"]
[WhiteElo "2471"]
[BlackElo "2707"]
[WhiteFideId "14101572"]
[BlackFideId "702293"]
[EventDate "2013.10.19"]

1. d4 Nf6 2. c4 g6 3. Nc3 Bg7 4. g3 d5 5. cxd5 Nxd5 6. Bg2 Nxc3 7. bxc3 c5 8. e3
Qa5 9. Bd2 O-O 10. Ne2 Qa6 11. O-O Bg4 12. Re1 Rd8 13. Qb3 Nc6 14. Nf4 Rac8 15.
h3 Bd7 16. Bf1 Qa5 17. Bc4 Be8 18. Red1 Qc7 19. Be2 e5 20. dxe5 Nxe5 21. Rab1
Bc6 22. Be1 Be4 23. Rxd8+ Rxd8 24. Rd1 Nf3+ 25. Kf1 Nxe1 26. Kxe1 Rxd1+ 27. Bxd1
Qa5 28. Kd2 b5 29. Bc2 c4 30. Qb2 b4 31. Qxb4 Qxa2 32. Qa4 Qxa4 33. Bxa4 g5 34.
Ne2 Kf8 35. Bb5 Bd5 36. Nd4 Bf6 37. Nc6 a6 38. Ba4 Be6 39. Nd4 Bxh3 40. Bc6 h5
41. Ke2 Ke7 42. Bd5 Bxd4 43. exd4 Be6 44. Bb7 a5 45. d5 Bf5 46. Ke3 Kd6 47. Bc6
Bc2 48. Kd4 Bb3 0-1

[Event "Oscaro Open 2013"]
[Site "Bastia FRA"]
[Date "2013.10.19"]
[Round "3.3"]
[White "Istratescu, Andrei"]
[Black "Dimitrov, Radoslav"]
[Result "1-0"]
[WhiteTitle "GM"]
[BlackTitle "IM"]
[WhiteElo "2664"]
[BlackElo "2445"]
[WhiteFideId "1200372"]
[BlackFideId "2908549"]
[EventDate "2013.10.19"]

1. e4 c6 2. d4 d5 3. e5 Bf5 4. h4 h6 5. g4 Bd7 6. Nd2 e6 7. Nb3 b6 8. h5 c5 9.
f4 Nc6 10. Nf3 cxd4 11. Nfxd4 Nxd4 12. Qxd4 Ne7 13. Qf2 Nc6 14. a3 Be7 15. Bd3
Qc7 16. Be3 Na5 17. Nxa5 bxa5 18. Bd4 a4 19. O-O-O a6 20. Kb1 Bb5 21. Rh3 Rb8
22. f5 Kd7 23. Rf3 Rhc8 24. Bxb5+ Rxb5 25. Rc3 Qb7 26. Rxc8 Qxc8 27. Rd3 Ke8 28.
f6 gxf6 29. exf6 Bd6 30. Qe3 Kd7 31. Qxh6 e5 32. Bc3 e4 33. Rh3 Qc4 34. Qc1 d4
35. Bb4 Bxb4 36. axb4 e3 37. h6 a3 38. bxa3 a5 39. h7 axb4 40. a4 b3 41. axb5
bxc2+ 42. Qxc2 Qf1+ 43. Kb2 Qxh3 44. Qc6+ Kd8 45. h8=R+ 1-0

[Event "Oscaro Open 2013"]
[Site "Bastia FRA"]
[Date "2013.10.19"]
[Round "3.4"]
[White "Lazarev, Vladimir"]
[Black "Edouard, Romain"]
[Result "0-1"]
[WhiteTitle "GM"]
[BlackTitle "GM"]
[WhiteElo "2427"]
[BlackElo "2657"]
[WhiteFideId "4113250"]
[BlackFideId "633429"]
[EventDate "2013.10.19"]

1. d4 Nf6 2. c4 b6 3. Nc3 Bb7 4. d5 e6 5. a3 Bd6 6. Nf3 O-O 7. e4 exd5 8. exd5
c6 9. Bg5 h6 10. Bh4 cxd5 11. cxd5 Qe8+ 12. Be2 Ne4 13. Nb5 f5 14. Nd2 Bf4 15.
Nc4 a6 16. Nd4 b5 17. Na5 Bd2+ 18. Kf1 Bxa5 19. Nb3 Bb6 20. f3 Nd6 21. Rc1 f4
22. Nc5 Nf5 23. Bf2 Bxc5 24. Rxc5 Ne3+ 25. Bxe3 Qxe3 26. Rc7 Ra7 27. a4 Ba8 28.
Rxa7 Qxa7 29. g3 Qc5 30. Kg2 Qxd5 31. axb5 axb5 32. Qc2 fxg3 33. Rd1 Qc6 34.
Qb3+ Kh8 35. hxg3 Na6 36. Qa3 Re8 37. Rd2 Nc5 38. Rc2 b4 39. Qxb4 Rxe2+ 40. Rxe2
Qxf3+ 0-1

[Event "Oscaro Open 2013"]
[Site "Bastia FRA"]
[Date "2013.10.19"]
[Round "3.6"]
[White "Terrieux, Kevin"]
[Black "Balogh, Csaba"]
[Result "0-1"]
[WhiteTitle "IM"]
[BlackTitle "GM"]
[WhiteElo "2415"]
[BlackElo "2632"]
[WhiteFideId "622591"]
[BlackFideId "718939"]
[EventDate "2013.10.19"]

1. d4 Nf6 2. c4 e6 3. Nc3 Bb4 4. Qc2 O-O 5. e4 d6 6. a3 Bxc3+ 7. bxc3 c5 8. e5
dxe5 9. dxe5 Ng4 10. Nf3 Nc6 11. Bf4 f5 12. h3 Nh6 13. Bxh6 gxh6 14. Bd3 Qc7 15.
Qe2 b6 16. O-O Bb7 17. Qe3 Qg7 18. Qf4 Rad8 19. Rfd1 Ne7 20. Bf1 Ng6 21. Qe3 Kh8
22. Rxd8 Rxd8 23. Re1 Rg8 24. Kh2 f4 25. Qe2 Ne7 26. Rd1 Nf5 27. Rd3 Bc6 28. Qd2
Bxf3 29. Rxf3 Nh4 30. Rxf4 Qg5 0-1

[Event "Oscaro Open 2013"]
[Site "Bastia FRA"]
[Date "2013.10.19"]
[Round "3.7"]
[White "Postny, Evgeny"]
[Black "Meszaros, Tamas"]
[Result "1-0"]
[WhiteTitle "GM"]
[BlackTitle "IM"]
[WhiteElo "2631"]
[BlackElo "2408"]
[WhiteFideId "2804344"]
[BlackFideId "717410"]
[EventDate "2013.10.19"]

1. d4 Nf6 2. c4 e6 3. Nf3 d5 4. g3 dxc4 5. Bg2 a6 6. O-O Nc6 7. Bg5 Rb8 8. e3 b5
9. Nfd2 Bb7 10. b3 cxb3 11. Nxb3 Nb4 12. Bxb7 Rxb7 13. Nc3 h6 14. Bxf6 Qxf6 15.
a4 bxa4 16. Rxa4 Be7 17. Ne4 Qf5 18. Nec5 Rb6 19. Qd2 Nc6 20. e4 Qh5 21. Qc3 O-O
22. Nd7 Rxb3 23. Qxb3 Rd8 24. Qc4 Qb5 25. Rc1 Nxd4 26. Qxb5 Nxb5 27. Ne5 Bd6 28.
Nc6 Ra8 29. e5 Bf8 30. Kg2 f6 31. Rca1 fxe5 32. Rxa6 Rxa6 33. Rxa6 Bd6 34. Ra5
Nc3 35. Nxe5 Nd5 36. Ra8+ Kh7 37. Nc4 Bc5 38. Ra6 Bb6 39. Nxb6 cxb6 40. Kf3 Kg6
41. Ke4 Kf6 42. Ra7 g5 43. Rh7 Kg6 44. Rb7 Kf6 45. h3 h5 46. Rb8 h4 47. gxh4
gxh4 48. Rh8 b5 49. Rh6+ Kf7 50. Rxh4 b4 51. Rh7+ Kg6 52. Rb7 Kf6 53. f4 Nc3+
54. Kf3 Nd5 55. Ke4 Nc3+ 56. Ke3 Nd5+ 57. Kf3 Kf5 58. Rb5 Kf6 59. h4 Kg6 60. Kg4
Ne3+ 61. Kg3 Nd5 1-0

[Event "Oscaro Open 2013"]
[Site "Bastia FRA"]
[Date "2013.10.19"]
[Round "3.8"]
[White "Piscopo, Pierluigi"]
[Black "Saric, Ivan"]
[Result "1/2-1/2"]
[WhiteTitle "IM"]
[BlackTitle "GM"]
[WhiteElo "2407"]
[BlackElo "2628"]
[WhiteFideId "809152"]
[BlackFideId "14508150"]
[EventDate "2013.10.19"]

1. e4 e5 2. Nf3 Nc6 3. Bc4 Nf6 4. d3 Bc5 5. Nc3 h6 6. Ne2 d6 7. c3 Bb6 8. Ng3
Be6 9. Bb5 a6 10. Ba4 O-O 11. O-O Ne7 12. d4 Ng6 13. h3 exd4 14. Nxd4 Bd7 15.
Bb3 Re8 16. Be3 c6 17. Qc2 d5 18. exd5 Nxd5 19. Bxd5 cxd5 20. Rad1 Bc7 21. Ndf5
Nh4 22. Rfe1 Nxf5 23. Nxf5 Qf6 24. Ng3 Bxg3 25. fxg3 Bf5 26. Qf2 Qe6 27. Bxh6
Be4 28. Be3 Qg6 29. Bd4 Re6 30. Re3 Rae8 31. Rde1 Qg5 32. Qf4 Qg6 33. Qf2 Qg5
34. Qf4 Qg6 35. Qf2 1/2-1/2

[Event "Oscaro Open 2013"]
[Site "Bastia FRA"]
[Date "2013.10.19"]
[Round "4.1"]
[White "Jankovic, Alojzije"]
[Black "Naiditsch, Arkadij"]
[Result "0-1"]
[WhiteTitle "GM"]
[BlackTitle "GM"]
[WhiteElo "2556"]
[BlackElo "2724"]
[WhiteFideId "14505959"]
[BlackFideId "4650891"]
[EventDate "2013.10.19"]

1. d4 Nf6 2. c4 e6 3. Nf3 d5 4. Nc3 c5 5. cxd5 Nxd5 6. e4 Nxc3 7. bxc3 cxd4 8.
cxd4 Bb4+ 9. Bd2 Bxd2+ 10. Qxd2 O-O 11. Rc1 Nc6 12. Bb5 Bd7 13. a4 a6 14. Be2
Qa5 15. Rc4 Rfc8 16. Bd1 b5 17. axb5 axb5 18. Qxa5 Nxa5 19. Rxc8+ Rxc8 20. Ne5
Be8 21. Kd2 b4 22. Bc2 f6 23. Ra1 Ra8 0-1

[Event "Oscaro Open 2013"]
[Site "Bastia FRA"]
[Date "2013.10.19"]
[Round "4.2"]
[White "Almasi, Zoltan"]
[Black "Cvitan, Ognjen"]
[Result "1/2-1/2"]
[WhiteTitle "GM"]
[BlackTitle "GM"]
[WhiteElo "2707"]
[BlackElo "2557"]
[WhiteFideId "702293"]
[BlackFideId "14500086"]
[EventDate "2013.10.19"]

1. e4 c5 2. Nf3 d6 3. d4 cxd4 4. Nxd4 Nf6 5. Nc3 g6 6. Be3 Bg7 7. f3 Nc6 8. Qd2
O-O 9. Bc4 Bd7 10. Bb3 Na5 11. O-O-O Rb8 12. Bh6 Bxh6 13. Qxh6 b5 14. h4 e5 15.
Nde2 b4 16. Nd5 Nxb3+ 17. axb3 Nxd5 18. Rxd5 Rb6 19. h5 g5 20. Rxd6 f6 21. Rhd1
Rxd6 22. Rxd6 Qe7 23. Rd2 Be6 24. Ng3 Rb8 25. Nf1 Rb6 26. Ne3 a5 27. g3 Ra6 28.
f4 a4 29. bxa4 Rxa4 30. Rd3 b3 31. fxg5 fxg5 32. Rd8+ Qxd8 33. Qxe6+ Kf8 34. Nd5
Ra1+ 35. Kd2 Qa5+ 36. c3 Qa7 37. Qf6+ Ke8 38. Qxe5+ Kd7 39. Qe7+ Kc6 40. Nb4+
Kb6 41. Qd6+ Kb7 42. Qd5+ Kc7 43. Qc4+ Kb7 44. Qc6+ Kb8 45. Qe8+ Kb7 46. Qf7+
Kb6 47. Qxb3 Qd7+ 48. Nd5+ Ka7 49. Qb6+ Ka8 50. Ke3 Ra7 51. Qf6 Kb8 52. b4 Rb7
53. Qxg5 Qh3 54. Qd8+ Ka7 55. Qa5+ Kb8 56. Qd8+ Ka7 57. Qd6 Qxh5 58. Qc5+ Kb8
59. Qf8+ Ka7 60. Qc5+ Kb8 61. Qd6+ Ka7 62. Kd4 Qd1+ 63. Kc4 Qf1+ 64. Kd4 Qd1+
65. Kc4 Qf1+ 66. Kd4 1/2-1/2

[Event "Oscaro Open 2013"]
[Site "Bastia FRA"]
[Date "2013.10.19"]
[Round "4.3"]
[White "Maiorov, Nikita1"]
[Black "Istratescu, Andrei"]
[Result "0-1"]
[WhiteTitle "GM"]
[BlackTitle "GM"]
[WhiteElo "2548"]
[BlackElo "2664"]
[WhiteFideId "13501720"]
[BlackFideId "1200372"]
[EventDate "2013.10.19"]

1. d4 e6 2. c4 Bb4+ 3. Bd2 a5 4. Nc3 Nf6 5. a3 Bxc3 6. Bxc3 Ne4 7. Qc2 Nxc3 8.
Qxc3 O-O 9. g3 b6 10. Bg2 Ra7 11. Nf3 Bb7 12. O-O a4 13. Rfe1 d6 14. c5 bxc5 15.
dxc5 Bxf3 16. Bxf3 d5 17. Rad1 c6 18. e4 Qf6 19. exd5 cxd5 20. Be2 Rc8 21. Rd4
Nc6 22. Rf4 Qxc3 23. bxc3 Ra5 24. c4 d4 25. Rb1 e5 26. Bg4 Rc7 27. Rf5 g6 28.
Rf6 Rxc5 29. Bf3 Kg7 30. Rd6 Rxc4 31. Rb6 Na5 32. Rb5 R4c5 33. Rd5 Rxb5 34. Rxb5
Nc4 35. Be2 e4 36. Bf1 0-1